[Event "Augustow op"]
[Site "Augustow"]
[Date "2004.??.??"]
[Round "9"]
[White "Soliwoda, Aleksandra"]
[Black "Raczynski, Milosz"]
[Result "1-0"]
[WhiteElo "1800"]
[BlackElo "1800"]
[PlyCount "51"]
[EventDate "2004.08.??"]
[EventType "swiss"]
[EventRounds "9"]
[EventCountry "POL"]
[SourceTitle "EXT 2008"]
[Source "ChessBase"]
[SourceDate "2007.11.25"]
[SourceVersion "1"]
[SourceVersionDate "2007.11.25"]
[SourceQuality "1"]

1. d4 d5 2. e3 c6 3. Bd3 Nf6 4. Nd2 Bg4 5. Ngf3 e6 6. 0-0 Bd6 7. e4 dxe4 8. Nxe4 Nxe4 9. Bxe4 Qc7 10. h3 Bh5 11. Re1 0-0 12. Bxh7+ Kxh7 13. Ng5+ Kg8 14. Qxh5 Re8 15. Qh7+ Kf8 16. Qh8+ Ke7 17. Qxg7 Kd8 18. Nxf7+ Kc8 19. Nxd6+ Qxd6 20. f3 Nd7 21. Bf4 Qe7 22. Qxe7 Rxe7 23. Re2 Nf8 24. Bd6 Re8 25. Bxf8 Rxf8 26. Rxe6 1-0